[Event "Nicosia WGP 2023"]
[Site "Nicosia CYP"]
[Date "2023.05.24"]
[Round "8.5"]
[White "Dzagnidze, Nana"]
[Black "Lagno, Kateryna"]
[Result "1/2-1/2"]
[WhiteTitle "GM"]
[BlackTitle "GM"]
[WhiteElo "2513"]
[BlackElo "2558"]
[WhiteFideId "13601903"]
[BlackFideId "14109336"]
[EventDate "2023.05.16"]

1. d4 Nf6 2. c4 e6 3. Nc3 d5 4. cxd5 exd5 5. Bg5 Bb4 6. Qb3 c5 7. e3 Nc6 8. Bb5
O-O 9. Ne2 h6 10. Bxf6 Qxf6 11. dxc5 d4 12. Bxc6 dxc3 13. Qxb4 cxb2 14. Rb1 Qxc6
15. O-O b6 16. cxb6 Ba6 17. Nd4 Qxb6 18. Qxb6 axb6 19. Rfd1 Bc4 20. Rxb2 b5 21.
f3 Ra3 22. Kf2 Rfa8 23. Rdd2 R8a5 24. Nc6 R5a4 25. Nb4 Rc3 26. e4 Rc1 27. Nd5
Ra3 28. Ne3 Ra1 29. Nxc4 bxc4 30. Rbc2 c3 31. Re2 h5 32. Kg3 g6 33. Re3 Kg7 34.
h4 R1xa2 35. Rexc3 Rxc3 36. Rxa2 Rc1 37. Kf4 Rh1 38. g3 Rg1 39. Ra5 Rg2 40. Rg5
Ra2 41. g4 hxg4 42. Rxg4 Kf6 43. Rg1 Rh2 44. Kg3 Ra2 45. Rb1 Re2 46. Rb5 Re1 47.
h5 gxh5 48. Rxh5 Kg6 49. Rd5 f6 50. Kg4 Rg1+ 51. Kf4 Ra1 52. Rd6 Ra4 53. Ke3 Kf7
54. f4 Ra3+ 55. Rd3 Ra4 56. Rb3 Rc4 57. Rb7+ Ke8 58. Kf3 Kf8 59. f5 Rc1 60. Kg4
Rg1+ 61. Kh5 Rg5+ 62. Kh6 Rg1 63. Ra7 Rg4 64. Kh5 Rg5+ 65. Kh4 Rg1 66. Kh3 Re1
67. Kg4 Rg1+ 68. Kf4 Re1 1/2-1/2

[Event "Nicosia WGP 2023"]
[Site "Nicosia CYP"]
[Date "2023.05.24"]
[Round "8.6"]
[White "Kosteniuk, Alexandra"]
[Black "Kiolbasa, Oliwia"]
[Result "1/2-1/2"]
[WhiteTitle "GM"]
[BlackTitle "IM"]
[WhiteElo "2535"]
[BlackElo "2422"]
[WhiteFideId "4128125"]
[BlackFideId "1154613"]
[EventDate "2023.05.16"]

1. e4 c5 2. Nf3 Nc6 3. d4 cxd4 4. Nxd4 e5 5. Nb5 a6 6. Nd6+ Bxd6 7. Qxd6 Qe7 8.
Qd3 Nf6 9. a3 d5 10. exd5 Nd4 11. Qd1 Bg4 12. f3 Bf5 13. Bd3 Bxd3 14. Qxd3 Nxd5
15. O-O Qc5 16. Rf2 Rc8 17. b4 Qb5 18. Qxb5+ axb5 19. Ra2 O-O 20. Bb2 Nxc2 21.
Bxe5 Nce3 22. Nd2 Rfe8 23. Bd4 Rc1+ 24. Nf1 Nc4 25. Rfe2 Rxe2 26. Rxe2 f6 27.
Kf2 Nf4 28. Ra2 Nd3+ 29. Ke2 Nf4+ 30. Kf2 Nd3+ 31. Ke2 Nf4+ 1/2-1/2

[Event "Nicosia WGP 2023"]
[Site "Nicosia CYP"]
[Date "2023.05.25"]
[Round "9.1"]
[White "Kiolbasa, Oliwia"]
[Black "Assaubayeva, Bibisara"]
[Result "1/2-1/2"]
[WhiteTitle "IM"]
[BlackTitle "IM"]
[WhiteElo "2422"]
[BlackElo "2464"]
[WhiteFideId "1154613"]
[BlackFideId "13708694"]
[EventDate "2023.05.16"]

1. e4 c5 2. Nf3 d6 3. d4 cxd4 4. Nxd4 Nf6 5. Nc3 a6 6. h3 e5 7. Nb3 Be7 8. g4 h6
9. Be3 Be6 10. Qf3 Nbd7 11. O-O-O Rc8 12. Nd5 Nf8 13. Kb1 Ng6 14. Rg1 Nh7 15. c3
O-O 16. Bd3 Bg5 17. Nc1 Re8 18. Bc2 Nh4 19. Qg3 Bxd5 20. Rxd5 Nf6 21. Rd2 b5 22.
Rgd1 Rc6 23. Ne2 Qe7 24. Bxg5 hxg5 25. Qe3 Nd7 26. Ng3 g6 27. Nf1 Nb6 28. Qg3
Nc4 29. Rd5 Rec8 30. Ne3 Nxe3 31. fxe3 b4 1/2-1/2

[Event "Nicosia WGP 2023"]
[Site "Nicosia CYP"]
[Date "2023.05.25"]
[Round "9.3"]
[White "Shuvalova, Polina"]
[Black "Dzagnidze, Nana"]
[Result "1/2-1/2"]
[WhiteTitle "IM"]
[BlackTitle "GM"]
[WhiteElo "2484"]
[BlackElo "2513"]
[WhiteFideId "24171760"]
[BlackFideId "13601903"]
[EventDate "2023.05.16"]

1. e4 c6 2. d4 d5 3. e5 Bf5 4. Nf3 e6 5. Be2 Nd7 6. O-O h6 7. a4 a5 8. b3 Bh7 9.
c4 Bb4 10. Ne1 Ne7 11. Nd3 O-O 12. Nxb4 axb4 13. Nd2 c5 14. Nf3 Qa5 15. Bb2 Rfd8
16. Rc1 Rac8 17. Qd2 cxd4 18. Bxd4 dxc4 19. Rxc4 Rxc4 20. Bxc4 Nxe5 21. Nxe5 Nf5
22. Nd7 Rxd7 23. Bb6 Qxa4 24. Qf4 Qa8 25. Bb5 Rd6 26. Bc5 Rd5 27. Qxb4 Bg6 28.
Bc4 Rd7 29. Bb5 Rd5 30. Bc4 Rd7 31. Bb5 Rd5 32. Bc4 Rd7 1/2-1/2

[Event "Nicosia WGP 2023"]
[Site "Nicosia CYP"]
[Date "2023.05.25"]
[Round "9.4"]
[White "Mammadzada, Gunay"]
[Black "Wagner, Dinara"]
[Result "1-0"]
[WhiteTitle "IM"]
[BlackTitle "WGM"]
[WhiteElo "2449"]
[BlackElo "2417"]
[WhiteFideId "13403729"]
[BlackFideId "24157570"]
[EventDate "2023.05.16"]

1. e4 c5 2. Nf3 Nc6 3. Bb5 e6 4. O-O Nge7 5. d4 cxd4 6. Nxd4 Ng6 7. Be3 Be7 8.
c3 O-O 9. Nd2 Nxd4 10. cxd4 d5 11. e5 Bd7 12. Bd3 Nh4 13. Qb3 Qb6 14. Qxb6 axb6
15. Rfc1 Rfc8 16. f4 Nf5 17. Rxc8+ Rxc8 18. Bf2 h5 19. Nf3 Bf8 20. h3 Ne7 21.
Be3 Nf5 22. Kf2 h4 23. Bxf5 exf5 24. Rc1 Rxc1 25. Bxc1 Be7 26. Bd2 Bb5 27. Be1
Bd3 28. Kg1 Be4 29. Bxh4 Bxf3 30. Bxe7 Be4 31. Bd8 b5 32. Be7 Kh7 33. Kf2 Kg6
34. Bf8 Bb1 35. a3 Be4 36. g3 Bd3 37. Kg2 Bc4 38. Kg1 Bd3 39. Kg2 Bc4 40. Kf2
Bd3 41. Ke1 Kh7 42. Kd2 Bf1 43. Kc3 Kg8 44. Bd6 b6 45. Kb4 g6 46. b3 Bd3 47. Be7
Be2 48. h4 Bd3 49. Bd8 Kf8 50. Bxb6 Bc2 51. Kxb5 Bxb3 52. a4 Ke8 53. a5 Kd7 54.
a6 Bc4+ 55. Ka5 Kc8 56. a7 Kb7 57. Kb4 1-0

[Event "Nicosia WGP 2023"]
[Site "Nicosia CYP"]
[Date "2023.05.25"]
[Round "9.5"]
[White "Tan, Zhongyi"]
[Black "Dronavalli, Harika"]
[Result "1/2-1/2"]
[WhiteTitle "GM"]
[BlackTitle "GM"]
[WhiteElo "2517"]
[BlackElo "2501"]
[WhiteFideId "8603642"]
[BlackFideId "5015197"]
[EventDate "2023.05.16"]

1. d4 d5 2. c4 e6 3. Nc3 Nf6 4. cxd5 exd5 5. Bg5 Bb4 6. e3 h6 7. Bxf6 Qxf6 8.
Qb3 Qd6 9. a3 Bxc3+ 10. Qxc3 O-O 11. Bd3 Re8 12. Nf3 c6 13. O-O Be6 14. Ne5 Nd7
15. b4 a6 16. Bc2 Nxe5 17. dxe5 Qd7 18. Rad1 Qc8 19. f4 Bf5 20. h3 Bxc2 21. Qxc2
a5 22. e4 axb4 23. axb4 dxe4 24. Qxe4 Qe6 25. Rfe1 g6 26. Re3 Rad8 27. Red3 Rxd3
28. Qxd3 Ra8 29. Kh2 h5 30. Qd7 Qxd7 31. Rxd7 b6 32. Kg3 Ra2 33. Rc7 Rb2 34. Kh4
Rxb4 35. Kg5 Re4 36. Rxc6 b5 37. Rb6 b4 38. g4 hxg4 39. hxg4 Kf8 40. Rb7 Ke8 41.
Rb5 Kf8 42. Rb6 Kg7 43. Rb7 Kg8 44. Kh6 Kf8 45. Rb8+ Ke7 46. Kg5 Rd4 47. Rb6 Re4
48. Rb7+ Ke6 49. Rb5 Ke7 50. Rb6 Kf8 51. Rb7 Kg7 52. Rb8 Rc4 53. Ra8 Rc5 54. Rb8
f6+ 55. Kh4 1/2-1/2

[Event "Nicosia WGP 2023"]
[Site "Nicosia CYP"]
[Date "2023.05.25"]
[Round "9.6"]
[White "Khotenashvili, Bella"]
[Black "Goryachkina, Aleksandra"]
[Result "1-0"]
[WhiteTitle "GM"]
[BlackTitle "GM"]
[WhiteElo "2478"]
[BlackElo "2571"]
[WhiteFideId "13602640"]
[BlackFideId "4147103"]
[EventDate "2023.05.16"]

1. Nf3 d5 2. g3 g6 3. Bg2 Bg7 4. d4 Nf6 5. c4 c6 6. O-O O-O 7. a4 a5 8. cxd5
cxd5 9. Nc3 Nc6 10. Qb3 Bg4 11. Qxb7 Nb4 12. Bf4 Nh5 13. Bc7 Qd7 14. Nb5 Ra6 15.
Rfc1 Rfa8 16. Rc5 Qe8 17. Bxa5 Rxa5 18. Nc7 Qd7 19. Qxb4 Rxa4 20. Rxa4 Rxa4 21.
Qb8+ Bf8 22. Rc1 Bxf3 23. Bxf3 Qd6 24. Bxh5 gxh5 25. e3 Rb4 26. Qa8 Rc4 27. Rxc4
dxc4 28. Nb5 Qb4 29. Qc6 e6 30. h4 Qb3 31. Kg2 Qc2 32. Nc3 Qxb2 33. Ne4 Kg7 34.
Qxc4 Qb7 35. f3 Qb2+ 36. Nf2 Qd2 37. Qd3 Qe1 38. e4 Bd6 39. f4 Bb4 40. Qb5 Qd2
41. Qe5+ Kg8 42. f5 exf5 43. exf5 h6 44. f6 Bf8 45. Qe4 Qb2 46. Qd3 Bb4 47. Kf3
Qc1 48. d5 Qa1 49. Ne4 Qh1+ 50. Kf4 Qc1+ 51. Ke5 Qa1+ 52. Kf5 Qa5 53. Qc4 Bf8
54. Kf4 Qa3 55. Qc6 Qa1 56. d6 Qf1+ 57. Ke5 Qa1+ 58. Qc3 Qa4 59. Qd3 Qd7 60. Qd5
Qe8+ 61. Kf4 Qd7 62. Kf3 Qg4+ 63. Kf2 Qd7 64. Ke3 Qa7+ 65. Qd4 Qd7 66. Qd5 Qa7+
67. Kf3 Qa3+ 68. Ke2 Qb2+ 69. Ke3 Qa3+ 70. Qd3 Qa7+ 71. Kf3 Qd7 72. Kg2 Kh8 73.
Qd5 Kg8 74. Qxh5 Qe6 75. Qf3 Qa2+ 76. Kh3 Qd5 77. Qf4 Kh7 78. Kh2 Kh8 79. Qg4
Qa2+ 80. Kh3 Qd5 81. h5 Kh7 82. d7 Kh8 83. Nf2 Qa5 84. Qd1 Qd8 85. Qd4 Kg8 86.
Nd3 1-0

[Event "Nicosia WGP 2023"]
[Site "Nicosia CYP"]
[Date "2023.05.26"]
[Round "10.1"]
[White "Assaubayeva, Bibisara"]
[Black "Goryachkina, Aleksandra"]
[Result "1/2-1/2"]
[WhiteTitle "IM"]
[BlackTitle "GM"]
[WhiteElo "2464"]
[BlackElo "2571"]
[WhiteFideId "13708694"]
[BlackFideId "4147103"]
[EventDate "2023.05.16"]

1. c4 c6 2. d4 d5 3. cxd5 cxd5 4. Bf4 Nf6 5. e3 Nc6 6. Bd3 Bg4 7. f3 Bh5 8. Nc3
e6 9. Nge2 Be7 10. Rc1 Bg6 11. O-O O-O 12. Bb5 Rc8 13. Bg3 a6 14. Bxc6 Rxc6 15.
Nf4 Qa5 16. Nxg6 hxg6 17. Be1 Qc7 18. Bg3 Qa5 19. Be1 Qc7 20. Bg3 Qa5 1/2-1/2

[Event "Nicosia WGP 2023"]
[Site "Nicosia CYP"]
[Date "2023.05.26"]
[Round "10.2"]
[White "Dronavalli, Harika"]
[Black "Khotenashvili, Bella"]
[Result "1/2-1/2"]
[WhiteTitle "GM"]
[BlackTitle "GM"]
[WhiteElo "2501"]
[BlackElo "2478"]
[WhiteFideId "5015197"]
[BlackFideId "13602640"]
[EventDate "2023.05.16"]

1. c4 c5 2. Nc3 Nc6 3. g3 g6 4. Bg2 Bg7 5. e3 e5 6. a3 Nge7 7. Nge2 O-O 8. O-O
a5 9. d3 d6 10. Rb1 Rb8 11. b3 Be6 12. Nd5 b5 13. Bb2 Qd7 14. Nec3 b4 15. Nxe7+
Nxe7 16. axb4 Rxb4 17. Ne4 Nc6 18. Bc3 Rb6 19. Ra1 Rfb8 20. Bxa5 Rxb3 21. Bc3
Bh3 22. Bxh3 Qxh3 23. Ra8 Rxa8 24. Qxb3 Qd7 25. Nd2 Rb8 26. Qa2 h6 27. Rb1 Rxb1+
28. Qxb1 f5 29. Qb5 Bf6 30. Nb3 Qc8 31. Na5 1/2-1/2

[Event "Nicosia WGP 2023"]
[Site "Nicosia CYP"]
[Date "2023.05.26"]
[Round "10.3"]
[White "Wagner, Dinara"]
[Black "Tan, Zhongyi"]
[Result "1/2-1/2"]
[WhiteTitle "WGM"]
[BlackTitle "GM"]
[WhiteElo "2417"]
[BlackElo "2517"]
[WhiteFideId "24157570"]
[BlackFideId "8603642"]
[EventDate "2023.05.16"]

1. d4 Nf6 2. c4 e6 3. Nf3 Bb4+ 4. Bd2 Bxd2+ 5. Qxd2 O-O 6. g3 d5 7. Bg2 c6 8. b3
Nbd7 9. O-O b6 10. Qb2 Bb7 11. Nc3 c5 12. dxc5 Nxc5 13. Rfd1 Qe7 14. Ne5 dxc4
15. Bxb7 Qxb7 16. Nxc4 Rfd8 17. Qc2 h5 18. h4 Nce4 19. Nxe4 Qxe4 20. Qxe4 Nxe4
21. Rac1 Rac8 22. Rxd8+ Rxd8 23. Kf1 f6 24. Ke1 Rd5 25. Ne3 Rc5 26. Rxc5 Nxc5
27. f3 Kf7 28. b4 Nd7 29. Nc4 e5 30. e4 Ke6 31. Kd2 Nb8 32. Ne3 Nc6 33. Nd5 g5
34. Nc7+ Kf7 35. Nd5 gxh4 36. gxh4 f5 37. exf5 Nd4 38. f4 Nxf5 39. fxe5 Ke6 40.
Nf4+ Kxe5 41. Nxh5 Kd4 42. Kc2 Nxh4 43. Kb3 Nf3 44. Nf4 Nd2+ 45. Kc2 Ne4 1/2-1/2

[Event "Nicosia WGP 2023"]
[Site "Nicosia CYP"]
[Date "2023.05.26"]
[Round "10.4"]
[White "Dzagnidze, Nana"]
[Black "Mammadzada, Gunay"]
[Result "1/2-1/2"]
[WhiteTitle "GM"]
[BlackTitle "IM"]
[WhiteElo "2513"]
[BlackElo "2449"]
[WhiteFideId "13601903"]
[BlackFideId "13403729"]
[EventDate "2023.05.16"]

1. e4 c5 2. Nf3 d6 3. c3 Nf6 4. h3 Nbd7 5. Bd3 b6 6. O-O Bb7 7. Qe2 Qc7 8. Bc2
Rc8 9. Na3 e6 10. d4 a6 11. Bf4 Be7 12. e5 Nd5 13. Bg3 cxd4 14. cxd4 dxe5 15.
Bb3 Nf4 16. Qe3 Qc6 17. Bxf4 exf4 18. Qxf4 O-O 19. Nc4 Qe4 20. Qg3 Qg6 21. Qxg6
hxg6 22. Ncd2 Rc7 23. Rfc1 Rfc8 24. Rxc7 Rxc7 25. Kf1 Nf6 26. Ke2 Bd5 27. Rd1 a5
28. a3 b5 29. g3 Bb7 30. Ne1 Nd5 31. Nd3 Bf6 32. Nf3 a4 33. Bxd5 Bxd5 34. Nfe5
Bxe5 35. Nxe5 Rc2+ 36. Rd2 Rc1 37. h4 Kf8 38. Rd1 Rc2+ 39. Rd2 Rc1 40. Rd1 1/2-1/2

[Event "Nicosia WGP 2023"]
[Site "Nicosia CYP"]
[Date "2023.05.26"]
[Round "10.5"]
[White "Kosteniuk, Alexandra"]
[Black "Shuvalova, Polina"]
[Result "1/2-1/2"]
[WhiteTitle "GM"]
[BlackTitle "IM"]
[WhiteElo "2535"]
[BlackElo "2484"]
[WhiteFideId "4128125"]
[BlackFideId "24171760"]
[EventDate "2023.05.16"]

1. e4 c5 2. Nf3 e6 3. d4 cxd4 4. Nxd4 Nf6 5. Nc3 Nc6 6. Nxc6 bxc6 7. e5 Nd5 8.
Ne4 Qc7 9. f4 Qb6 10. c4 Bb4+ 11. Ke2 f5 12. Nf2 Ba6 13. Kf3 Ne7 14. Be3 Bc5 15.
Bxc5 Qxc5 16. Qd6 Qb6 17. b3 c5 18. Kg3 g5 19. fxg5 h6 20. Nd3 Rc8 21. Qxb6 axb6
22. gxh6 Bb7 23. Nf4 Nc6 24. Re1 Rxh6 25. h4 Ra8 26. a4 Ke7 27. Rh3 Rg8+ 28. Kf2
Rg4 29. g3 Nd4 30. Re3 d6 31. exd6+ Kxd6 32. Bg2 e5 33. Nd3 e4 34. Nf4 Rh8 35.
h5 Rh6 36. Bf1 Bc6 37. Be2 Rg7 38. Bd1 Be8 39. Nd5 Ke5 40. Re1 Bf7 41. Nc3 Be6
42. Rh4 Kf6 43. Rf4 Ke5 44. Rh4 Bd7 45. g4 Bc6 46. gxf5 Nxf5 47. Rhxe4+ Bxe4 48.
Rxe4+ Kd6 49. Nb5+ Kd7 50. Bg4 Rf6 51. Nc3 Rxg4 52. Rxg4 Nh6+ 53. Kg3 Nxg4 54.
Kxg4 Ke8 55. Nd5 Rc6 56. Kf5 Kf7 57. Nf4 Rh6 58. Kg5 Rd6 59. Nd5 Kg7 60. Kf5 Rh6
61. Nf4 Kf7 62. Kg5 Rd6 63. Kf5 Rh6 64. Ke5 Ke7 65. Nd5+ Kf7 66. Nf4 Ke7 67.
Ng6+ Kd7 68. Nf4 Ke7 69. Kf5 Kf7 70. Kg5 Rd6 71. h6 Kg8 72. Nd5 Kh8 73. b4 cxb4
74. Nxb4 Kh7 75. Nd5 Rg6+ 76. Kf5 Rxh6 77. Ke5 Kg7 78. Kd4 Kf7 79. Kc3 Ke8 80.
Kb4 Kd7 81. Kb5 Rh1 82. Kxb6 Rb1+ 83. Kc5 Ra1 84. Nc3 Rc1 85. Nd5 Ra1 86. Kb5
Rb1+ 87. Nb4 Kc7 88. a5 Kb7 89. c5 Kc7 90. a6 Rb3 91. Kc4 Ra3 92. Kd5 Ra4 93.
Kc4 Ra3 94. Nd5+ Kc6 95. Nb4+ Kc7 1/2-1/2

[Event "Nicosia WGP 2023"]
[Site "Nicosia CYP"]
[Date "2023.05.26"]
[Round "10.6"]
[White "Kiolbasa, Oliwia"]
[Black "Lagno, Kateryna"]
[Result "1/2-1/2"]
[WhiteTitle "IM"]
[BlackTitle "GM"]
[WhiteElo "2422"]
[BlackElo "2558"]
[WhiteFideId "1154613"]
[BlackFideId "14109336"]
[EventDate "2023.05.16"]

1. e4 e5 2. Nf3 Nc6 3. Bb5 Nf6 4. d3 Bc5 5. O-O d6 6. c3 O-O 7. h3 a6 8. Ba4 Re8
9. Re1 h6 10. Nbd2 b5 11. Bb3 Be6 12. Bxe6 Rxe6 13. a4 Rb8 14. axb5 axb5 15. Nb3
Bb6 16. Be3 Bxe3 17. Rxe3 d5 18. Nc5 Rd6 19. Qc2 dxe4 20. Nxe4 Nxe4 21. dxe4 Qd7
22. Qe2 g6 23. b4 Kg7 24. Ne1 Rd2 25. Rd3 Rxe2 26. Rxd7 Rxe4 27. Rxc7 Rc4 28.
Rd1 Rxc3 29. Rdd7 Rf8 30. Nd3 Rc4 1/2-1/2

[Event "Nicosia WGP 2023"]
[Site "Nicosia CYP"]
[Date "2023.05.27"]
[Round "11.1"]
[White "Lagno, Kateryna"]
[Black "Assaubayeva, Bibisara"]
[Result "1/2-1/2"]
[WhiteTitle "GM"]
[BlackTitle "IM"]
[WhiteElo "2558"]
[BlackElo "2464"]
[WhiteFideId "14109336"]
[BlackFideId "13708694"]
[EventDate "2023.05.16"]

1. e4 c5 2. Nf3 d6 3. Bb5+ Bd7 4. Bxd7+ Qxd7 5. c4 Nf6 6. Nc3 g6 7. O-O Bg7 8.
d4 cxd4 9. Nxd4 O-O 10. f3 Rc8 11. b3 d5 12. exd5 Nxd5 13. Nxd5 e6 14. Bh6 exd5
15. Bxg7 Kxg7 16. Nb5 dxc4 17. Nd6 Rd8 18. Nxb7 Qxd1 19. Rfxd1 Rxd1+ 20. Rxd1
cxb3 21. axb3 Nc6 22. Rd6 Rb8 23. Rxc6 Rxb7 24. Ra6 Rxb3 25. Rxa7 h5 26. Ra4 Rb2
27. Rc4 Ra2 28. Rb4 Kf6 29. Rc4 Kg7 30. Rb4 Rc2 1/2-1/2

[Event "Nicosia WGP 2023"]
[Site "Nicosia CYP"]
[Date "2023.05.27"]
[Round "11.2"]
[White "Shuvalova, Polina"]
[Black "Kiolbasa, Oliwia"]
[Result "1-0"]
[WhiteTitle "IM"]
[BlackTitle "IM"]
[WhiteElo "2484"]
[BlackElo "2422"]
[WhiteFideId "24171760"]
[BlackFideId "1154613"]
[EventDate "2023.05.16"]

1. d4 Nf6 2. Bg5 e6 3. e4 h6 4. Bxf6 Qxf6 5. Nc3 Bb4 6. Qd3 d5 7. O-O-O Bxc3 8.
Qxc3 dxe4 9. Qxc7 O-O 10. f3 Nc6 11. c3 exf3 12. Nxf3 Qd8 13. Qf4 Qa5 14. Kb1
Rd8 15. Bc4 Ne7 16. Bd3 Bd7 17. Ne5 Be8 18. Rhf1 Nd5 19. Qe4 Nf6 20. Qe2 Rac8
21. Rf3 Nd7 22. Ng4 Qd5 23. Rg3 Kh8 24. Nxh6 f5 25. c4 Qd6 26. c5 Qf8 27. Qxe6
Rc6 28. Qxf5 Rxh6 29. Qd5 Bf7 30. Qxb7 Nf6 31. c6 Bd5 32. Rc1 Ne4 33. Re3 Nd6
34. Qa6 Rc8 35. Re5 Bxg2 36. d5 Bh3 37. Qxa7 Ra8 38. Qe3 Nf7 39. Re7 Nd6 40.
Qxh6+ 1-0

[Event "Nicosia WGP 2023"]
[Site "Nicosia CYP"]
[Date "2023.05.27"]
[Round "11.3"]
[White "Mammadzada, Gunay"]
[Black "Kosteniuk, Alexandra"]
[Result "1/2-1/2"]
[WhiteTitle "IM"]
[BlackTitle "GM"]
[WhiteElo "2449"]
[BlackElo "2535"]
[WhiteFideId "13403729"]
[BlackFideId "4128125"]
[EventDate "2023.05.16"]

1. e4 e6 2. d4 d5 3. Nd2 c5 4. exd5 exd5 5. Ngf3 Nc6 6. Bb5 Qe7+ 7. Qe2 Qxe2+ 8.
Kxe2 a6 9. Bxc6+ bxc6 10. dxc5 Bxc5 11. Nb3 Bd6 12. Re1 f6 13. Be3 Ne7 14. Bc5
Kd7 15. Kd2 a5 16. a4 Bxc5 17. Nxc5+ Kd6 18. Nd3 Ng6 19. Nd4 Ne5 20. b3 Bd7 21.
f4 Nxd3 22. Kxd3 Rab8 23. c4 Rb4 24. Kc3 dxc4 25. Nc2 Rxb3+ 26. Kxc4 Rb2 27.
Rad1+ Kc7 28. Kc3 Rb7 29. Re7 Kc8 30. Rxg7 c5 31. Rd5 Bc6 32. Rxb7 Kxb7 33. Rxc5
Bxa4 34. Ne3 Ka6 35. Nc4 Bb5 36. Na3 Bd7 37. Nc4 a4 38. Rd5 Bb5 1/2-1/2

[Event "Nicosia WGP 2023"]
[Site "Nicosia CYP"]
[Date "2023.05.27"]
[Round "11.6"]
[White "Goryachkina, Aleksandra"]
[Black "Dronavalli, Harika"]
[Result "1/2-1/2"]
[WhiteTitle "GM"]
[BlackTitle "GM"]
[WhiteElo "2571"]
[BlackElo "2501"]
[WhiteFideId "4147103"]
[BlackFideId "5015197"]
[EventDate "2023.05.16"]

1. d4 d5 2. c4 e6 3. Nf3 a6 4. cxd5 exd5 5. Nc3 Nf6 6. Bg5 Be6 7. e3 Nbd7 8. Bd3
c6 9. Bf4 Nh5 10. Bg5 Nhf6 11. Bf4 Nh5 12. Bg5 Nhf6 1/2-1/2